000 00308nam a22001337a 4500
008 181005b xxu||||| |||| 00| 0 eng d
020 _a9780521405362
041 _aeng
080 _a941
100 _a18
101 _aHIS
245 _aThe Pillars of Priestcraft Shaken
_cChampson, J.A.I
942 _2udc
_cBK
999 _c48877
_d48877